The Littles : (Record no. 47476)
[ view plain ]
| 000 -LEADER | |
|---|---|
| fixed length control field | 01196cam a2200409 a 4500 |
| 001 - CONTROL NUMBER | |
| control field | 884452 |
| 003 - CONTROL NUMBER IDENTIFIER | |
| control field | OSt |
| 005 - DATE AND TIME OF LATEST TRANSACTION | |
| control field | 20140425133546.0 |
| 008 - FIXED-LENGTH DATA ELEMENTS--GENERAL INFORMATION | |
| fixed length control field | 820222s1981 nyua j 000 1 eng |
| 010 ## - LIBRARY OF CONGRESS CONTROL NUMBER | |
| LC control number | 80084445 |
| 020 ## - INTERNATIONAL STANDARD BOOK NUMBER | |
| International Standard Book Number | 0590462237 |
| 040 ## - CATALOGING SOURCE | |
| Original cataloging agency | DLC |
| Transcribing agency | DLC |
| Modifying agency | DLC |
| 042 ## - AUTHENTICATION CODE | |
| Authentication code | lcac |
| 050 00 - LIBRARY OF CONGRESS CALL NUMBER | |
| Classification number | PZ 7 |
| Item number | .P485 1968 ,1978 , 1979 ,1983 |
| 082 00 - DEWEY DECIMAL CLASSIFICATION NUMBER | |
| Classification number | KF |
| Item number | P44lr 1968 |
| 100 1# - MAIN ENTRY--PERSONAL NAME | |
| Personal name | Peterson, John Lawrence, |
| Dates associated with a name | 1924- |
| 9 (RLIN) | 5494 |
| 245 04 - TITLE STATEMENT | |
| Title | The Littles : |
| Remainder of title | story and pictures / |
| Statement of responsibility, etc | by John Peterson. |
| 260 ## - PUBLICATION, DISTRIBUTION, ETC. (IMPRINT) | |
| Place of publication, distribution, etc | New York : |
| Name of publisher, distributor, etc | Scholastic, |
| Date of publication, distribution, etc | c1968. |
| 300 ## - PHYSICAL DESCRIPTION | |
| Extent | 94 p. : |
| Other physical details | ill. ; |
| Dimensions | 19 cm. |
| 520 ## - SUMMARY, ETC. | |
| Summary, etc | A family of tiny people experiences a crisis when a baby is born during a snowstorm. |
| 521 ## - TARGET AUDIENCE NOTE | |
| Target audience note | |
| 526 ## - STUDY PROGRAM INFORMATION NOTE | |
| Reading level | 460 |
| 562 ## - COPY AND VERSION IDENTIFICATION NOTE | |
| Number of copies | 2 |
| 650 #0 - SUBJECT ADDED ENTRY--TOPICAL TERM | |
| Topical term or geographic name as entry element | Little family (Fictitious characters) |
| Form subdivision | Fiction. |
| 9 (RLIN) | 5495 |
| 650 #1 - SUBJECT ADDED ENTRY--TOPICAL TERM | |
| Topical term or geographic name as entry element | Fantasy. |
| 9 (RLIN) | 3293 |
| 830 ## - SERIES ADDED ENTRY--UNIFORM TITLE | |
| Uniform title | To the Rescue |
| 9 (RLIN) | 5645 |
| 830 ## - SERIES ADDED ENTRY--UNIFORM TITLE | |
| Uniform title | To the Rescue |
| 9 (RLIN) | 5645 |
| 830 ## - SERIES ADDED ENTRY--UNIFORM TITLE | |
| Uniform title | the big storm |
| 9 (RLIN) | 5642 |
| 830 ## - SERIES ADDED ENTRY--UNIFORM TITLE | |
| Uniform title | Go Exploring |
| 9 (RLIN) | 5643 |
| 830 ## - SERIES ADDED ENTRY--UNIFORM TITLE | |
| Uniform title | Go to school |
| 9 (RLIN) | 5664 |
| 830 ## - SERIES ADDED ENTRY--UNIFORM TITLE | |
| Uniform title | Take a trip |
| 9 (RLIN) | 5641 |
| 906 ## - LOCAL DATA ELEMENT F, LDF (RLIN) | |
| a | 7 |
| b | cbc |
| c | orignew |
| d | 2 |
| e | opcn |
| f | 19 |
| g | y-gencatlg |
| 942 ## - ADDED ENTRY ELEMENTS (KOHA) | |
| Source of classification or shelving scheme | Library of Congress Classification |
| Koha item type | Books |
| Withdrawn status | Lost status | Source of classification or shelving scheme | Damaged status | Home library | Current library | Shelving location | Date acquired | Total Checkouts | Full call number | Barcode | Date last seen | Copy number | Price effective from | Koha item type |
|---|---|---|---|---|---|---|---|---|---|---|---|---|---|---|
| Library of Congress Classification | Munich Library | Munich Library | Scholastic Reading Center Section | 03/17/2014 | PZ 7 .P485 2007 | MS0925 | 03/17/2014 | 1 | 03/17/2014 | Books |